[Event "La Roda op 31st"]
[Site "La Roda"]
[Date "2004.04.09"]
[Round "5"]
[White "Jimenez Villena, Francisco Jose"]
[Black "Tyomkin, Dimitri"]
[Result "1/2-1/2"]
[WhiteElo "2270"]
[BlackElo "2503"]
[PlyCount "81"]
[GameId "1166646318878720"]
[EventDate "2004.04.07"]
[EventType "swiss"]
[EventRounds "9"]
[EventCountry "ESP"]
[SourceTitle "CBM 099 Extra"]
[Source "ChessBase"]
[SourceDate "2004.05.04"]
[SourceVersion "1"]
[SourceVersionDate "2004.05.04"]
[SourceQuality "1"]

1. d4 Nf6 2. Bg5 Ne4 3. Bf4 c5 4. f3 Nf6 5. d5 Nh5 6. Be3 d6 7. Nc3 e5 8. g4 Nf4 9. Bf2 Be7 10. h4 h5 11. e3 Ng6 12. g5 Bf5 13. Nge2 Qb6 14. Qc1 Na6 15. Ng3 Bd7 16. Be2 Nc7 17. f4 exf4 18. exf4 Nxf4 19. Qxf4 Qxb2 20. O-O Qxc3 21. Ne4 Qe5 22. Qxe5 dxe5 23. d6 Bc6 24. dxe7 Bxe4 25. Bxc5 Ne6 26. Bd6 Rc8 27. Bb5+ Bc6 28. Bc4 Bd7 29. Bb3 Rc6 30. Bxe5 Kxe7 31. Bxg7 Rhc8 32. Rad1 Rc4 33. Bf6+ Ke8 34. Bxc4 Rxc4 35. Rf3 Rxh4 36. Rfd3 Rg4+ 37. Kf2 Nc5 38. Re3+ Ne6 39. Red3 Nc5 40. Re3+ Ne6 41. Red3 1/2-1/2

[Event "Beersheba g/30'"]
[Site "Beersheba"]
[Date "2004.04.18"]
[Round "1"]
[White "Tyomkin, Dimitri"]
[Black "Tseitlin, Mark D"]
[Result "0-1"]
[WhiteElo "2503"]
[BlackElo "2455"]
[PlyCount "98"]
[GameId "1165542967463936"]
[EventDate "2004.04.18"]
[EventType "tourn (rapid)"]
[EventRounds "11"]
[EventCountry "ISR"]
[EventCategory "12"]
[SourceTitle "CBM 101"]
[Source "ChessBase"]
[SourceDate "2004.07.27"]
[SourceVersion "1"]
[SourceVersionDate "2004.07.27"]
[SourceQuality "1"]

1. e4 e5 2. Nf3 Nc6 3. Bc4 Nf6 4. d3 Be7 5. O-O O-O 6. c3 d6 7. a4 a5 8. Nbd2 Be6 9. Bxe6 fxe6 10. Re1 Qe8 11. Qb3 Nd8 12. Ng5 Qd7 13. Nf1 Nh5 14. d4 Bxg5 15. Bxg5 Nf4 16. Qd1 Nc6 17. Bxf4 Rxf4 18. g3 Rf7 19. dxe5 Nxe5 20. f4 Nc6 21. Qg4 Ra6 22. Ne3 Qe7 23. Rad1 Ra8 24. Nc4 Raf8 25. e5 d5 26. Ne3 Kh8 27. Rd2 g5 28. Rg2 gxf4 29. gxf4 Rxf4 30. Qh5 Qc5 31. h3 Qe7 32. Qg5 Qxg5 33. Rxg5 Rf3 34. Kh1 Rxh3+ 35. Kg1 d4 36. Ng4 dxc3 37. bxc3 Rxc3 38. Rf1 Rxf1+ 39. Kxf1 Rf3+ 40. Ke2 Rf5 41. Nh6 Rxg5 42. Nf7+ Kg8 43. Nxg5 Nxe5 44. Nxe6 c6 45. Ke3 b5 46. Kd4 bxa4 47. Kxe5 a3 48. Nd4 a2 49. Nc2 Kf7 0-1

[Event "Beersheba g/30'"]
[Site "Beersheba"]
[Date "2004.04.18"]
[Round "3"]
[White "Tyomkin, Dimitri"]
[Black "Kortschnoj, Viktor Lvovich"]
[Result "1/2-1/2"]
[WhiteElo "2503"]
[BlackElo "2579"]
[PlyCount "119"]
[GameId "1165542967484416"]
[EventDate "2004.04.18"]
[EventType "tourn (rapid)"]
[EventRounds "11"]
[EventCountry "ISR"]
[EventCategory "12"]
[SourceTitle "CBM 101"]
[Source "ChessBase"]
[SourceDate "2004.07.27"]
[SourceVersion "1"]
[SourceVersionDate "2004.07.27"]
[SourceQuality "1"]

1. e4 c5 2. Nf3 e6 3. Nc3 Nc6 4. d4 cxd4 5. Nxd4 d6 6. g3 a6 7. Bg2 Nf6 8. a4 Bd7 9. Nb3 b6 10. O-O Be7 11. f4 O-O 12. g4 Be8 13. g5 Nd7 14. Qg4 Nc5 15. Be3 Nb4 16. Rac1 d5 17. exd5 exd5 18. Nd4 Nxa4 19. f5 Bc5 20. f6 g6 21. Qh4 h5 22. gxh6 Kh7 23. Bf2 Nxc3 24. bxc3 Bxd4 25. Qxd4 Nc6 26. Qxb6 d4 27. Qc5 Rg8 28. cxd4 Rc8 29. d5 Ne5 30. Qd4 Nc4 31. Rce1 Nd6 32. Bg3 Rxc2 33. Re7 Nf5 34. Qe4 Nxe7 35. fxe7 Qb6+ 36. Bf2 Qb2 37. d6 Rd2 38. Qf4 a5 39. Be4 f5 40. Be3 Rxd6 41. Qxd6 fxe4 42. Rf8 Qe2 43. Qf4 Qf3 44. Qxf3 exf3 45. Kf2 a4 46. Kxf3 g5 47. Bc5 Bc6+ 48. Ke3 Rg6 49. Rc8 Bb5 50. Rb8 Bd7 51. Rd8 Bb5 52. Bd4 Rg8 53. Ke4 Bc6+ 54. Ke5 Bb5 55. Kf6 a3 56. Rxg8 Kxg8 57. Kg6 Bd3+ 58. Kxg5 Kf7 59. Kf4 Bh7 60. Ke3 1/2-1/2

[Event "Beersheba g/30'"]
[Site "Beersheba"]
[Date "2004.04.20"]
[Round "8"]
[White "Tyomkin, Dimitri"]
[Black "Vydeslaver, Alik"]
[Result "0-1"]
[WhiteElo "2503"]
[BlackElo "2448"]
[PlyCount "120"]
[GameId "1165542967513088"]
[EventDate "2004.04.18"]
[EventType "tourn (rapid)"]
[EventRounds "11"]
[EventCountry "ISR"]
[EventCategory "12"]
[SourceTitle "CBM 101"]
[Source "ChessBase"]
[SourceDate "2004.07.27"]
[SourceVersion "1"]
[SourceVersionDate "2004.07.27"]
[SourceQuality "1"]

1. e4 e6 2. d4 d5 3. Nd2 c5 4. Ngf3 Nc6 5. Bb5 a6 6. exd5 axb5 7. dxc6 bxc6 8. dxc5 Bxc5 9. O-O Nf6 10. Qe2 O-O 11. Rd1 Qc7 12. Ne4 Be7 13. Bg5 Nxe4 14. Bxe7 Qxe7 15. Qxe4 Bb7 16. Ne5 c5 17. Qe3 Rfd8 18. h3 h6 19. a3 Rd5 20. Rxd5 Bxd5 21. Nd3 Rc8 22. c3 Qb7 23. Nf4 Bb3 24. Re1 Qc6 25. Qg3 Qd6 26. Qg4 Qd2 27. Re3 Rd8 28. Nh5 Qd1+ 29. Qxd1 Rxd1+ 30. Kh2 Rd2 31. Rg3 g6 32. Nf6+ Kg7 33. Ne4 Rxb2 34. Nxc5 Bd5 35. Nd3 Rb3 36. Nb4 Rxa3 37. Re3 Kf6 38. g4 Rb3 39. h4 Rb2 40. Kg3 Rd2 41. Nd3 Rd1 42. f3 g5 43. Ne5 Rd2 44. hxg5+ hxg5 45. Nd7+ Ke7 46. Ne5 f6 47. Nd3 Kd6 48. f4 Bc4 49. Nb4 gxf4+ 50. Kxf4 e5+ 51. Kf5 Rf2+ 52. Kg6 Ke7 53. Nc6+ Kf8 54. Rh3 Bf7+ 55. Kh6 Rg2 56. Na7 Rxg4 57. Nxb5 Rg8 58. Kh7 Bg6+ 59. Kh6 Kf7 60. Nd6+ Ke6 {and black won;} 0-1

[Event "Beersheba g/30'"]
[Site "Beersheba"]
[Date "2004.04.21"]
[Round "10"]
[White "Tyomkin, Dimitri"]
[Black "Huzman, Alexander"]
[Result "1-0"]
[WhiteElo "2503"]
[BlackElo "2589"]
[PlyCount "53"]
[GameId "1165542967529472"]
[EventDate "2004.04.18"]
[EventType "tourn (rapid)"]
[EventRounds "11"]
[EventCountry "ISR"]
[EventCategory "12"]
[SourceTitle "CBM 101"]
[Source "ChessBase"]
[SourceDate "2004.07.27"]
[SourceVersion "1"]
[SourceVersionDate "2004.07.27"]
[SourceQuality "1"]

1. e4 c5 2. Nf3 g6 3. d4 Bg7 4. d5 d6 5. Nc3 Nf6 6. Bb5+ Bd7 7. a4 O-O 8. h3 Na6 9. O-O Nb4 10. Re1 Ne8 11. Bg5 Bxb5 12. axb5 Nc7 13. Qe2 Qd7 14. Rad1 Rfe8 15. Rd2 e6 16. dxe6 Rxe6 17. Qc4 Rae8 18. Qxc5 Nxc2 19. Rc1 Nd4 20. Rxd4 Bxd4 21. Qxd4 Nxb5 22. Nxb5 Qxb5 23. Bh6 f6 24. Rc7 Qb6 25. Rg7+ Kh8 26. Ng5 R8e7 27. Nf7+ {Black resigned;} 1-0

[Event "Givataim Ettinger"]
[Site "Givataim"]
[Date "2005.03.30"]
[Round "9"]
[White "Tyomkin, Dimitri"]
[Black "Lerner, Konstantin Z"]
[Result "1/2-1/2"]
[WhiteElo "2512"]
[BlackElo "2523"]
[PlyCount "45"]
[GameId "1166647293263872"]
[EventDate "2005.03.20"]
[EventType "tourn"]
[EventRounds "9"]
[EventCountry "ISR"]
[EventCategory "6"]
[SourceTitle "CBM 105 Extra"]
[Source "ChessBase"]
[SourceDate "2005.05.01"]
[SourceVersion "1"]
[SourceVersionDate "2005.05.01"]
[SourceQuality "1"]

1. d4 Nf6 2. Nf3 e6 3. Bg5 d5 4. e3 c5 5. c3 Nbd7 6. Nbd2 b6 7. Bd3 Bb7 8. O-O Be7 9. Qe2 Qc7 10. Bf4 Bd6 11. Bxd6 Qxd6 12. Rab1 O-O 13. Rfe1 Rfe8 14. Bb5 Bc6 15. Bxc6 Qxc6 16. Ne5 Qa4 17. Ndf3 Nxe5 18. Nxe5 Rec8 19. b3 Qe8 20. Rbc1 Ne4 21. c4 f6 22. Nd3 dxc4 23. bxc4 1/2-1/2

[Event "EU-Cup 21st"]
[Site "Saint Vincent"]
[Date "2005.09.23"]
[Round "6.6"]
[White "Colovic, Aleksandar"]
[Black "Tyomkin, Dimitri"]
[Result "1/2-1/2"]
[WhiteElo "2460"]
[BlackElo "2467"]
[PlyCount "61"]
[GameId "1165543003586560"]
[EventDate "2005.09.18"]
[EventType "team-swiss"]
[EventRounds "7"]
[EventCountry "ITA"]
[SourceTitle "CBM 110"]
[Source "ChessBase"]
[SourceDate "2006.01.31"]
[SourceVersion "1"]
[SourceVersionDate "2006.01.31"]
[SourceQuality "1"]
[WhiteTeam "Skopje"]
[BlackTeam "Ashdod"]
[WhiteTeamCountry "MKD"]
[BlackTeamCountry "ISR"]

1. e4 c5 2. Nc3 Nc6 3. Nge2 d6 4. d4 cxd4 5. Nxd4 Nf6 6. Bc4 Qb6 7. Nxc6 bxc6 8. O-O g6 9. Qe1 Qc5 10. b3 Bg7 11. Bb2 O-O 12. Na4 Qh5 13. f4 Qh6 14. Rd1 Bg4 15. Be2 Bxe2 16. Qxe2 Qh5 17. Qxh5 gxh5 18. Rfe1 Ng4 19. Bxg7 Kxg7 20. h3 Nh6 21. c4 Rad8 22. c5 Ng8 23. cxd6 exd6 24. e5 dxe5 25. Rxd8 Rxd8 26. Rxe5 Nf6 27. Rg5+ Kf8 28. Rf5 Rd1+ 29. Kf2 Nd5 30. Rxh5 Rd2+ 31. Kf3 1/2-1/2

[Event "Catalunya-chT Primera Gp1"]
[Site "Catalunya"]
[Date "2008.04.20"]
[Round "9"]
[White "Magem Badals, Jordi"]
[Black "Tyomkin, Dimitri"]
[Result "1-0"]
[WhiteElo "2470"]
[BlackElo "2503"]
[PlyCount "85"]
[GameId "1266717442019328"]
[EventDate "2008.01.27"]
[EventType "team-tourn"]
[EventRounds "9"]
[EventCountry "ESP"]
[SourceTitle "EXT 2019"]
[Source "ChessBase"]
[SourceDate "2018.10.10"]
[SourceVersion "1"]
[SourceVersionDate "2018.10.10"]
[SourceQuality "1"]

1. e4 c5 2. Ne2 Nc6 3. d4 cxd4 4. Nxd4 Nf6 5. Nc3 d6 6. f3 e5 7. Nb3 Be7 8. Be3 O-O 9. Qd2 a5 10. Bb5 Be6 11. Rd1 Na7 12. Be2 Nc8 13. Qc1 Qc7 14. Nb5 Qc6 15. c4 a4 16. Nd2 Bd8 17. Nb1 Ba5+ 18. Kf2 Nd7 19. Rhf1 Bb6 20. N1a3 Bc5 21. Bxc5 dxc5 22. Kg1 Qb6 23. f4 exf4 24. Qxf4 Na7 25. Rd6 Qa5 26. Rfd1 Nxb5 27. Nxb5 Nb8 28. Qe5 Nc6 29. Qxc5 Na7 30. Qb6 Nxb5 31. Qxa5 Rxa5 32. cxb5 Bxa2 33. Rd7 Bb3 34. R1d4 b6 35. Rb7 g6 36. Rxb6 Rc8 37. Ra6 Rxa6 38. bxa6 Ra8 39. Rd7 Be6 40. Rc7 Kf8 41. a7 Ke8 42. Rb7 a3 43. bxa3 1-0

[Event "ISR-chT"]
[Site "Israel"]
[Date "2010.02.05"]
[Round "3.2"]
[White "Tyomkin, Dimitri"]
[Black "Jirka, Jiri"]
[Result "0-1"]
[WhiteElo "2497"]
[BlackElo "2398"]
[PlyCount "88"]
[GameId "1166652829097984"]
[EventDate "2010.01.29"]
[EventType "team"]
[EventRounds "11"]
[EventCountry "ISR"]
[SourceTitle "EXT 2011"]
[Source "ChessBase"]
[SourceDate "2011.11.26"]
[SourceVersion "1"]
[SourceVersionDate "2011.11.26"]
[SourceQuality "1"]
[WhiteTeam "Ashdod II"]
[BlackTeam "Porat Mathematics"]
[WhiteTeamCountry "ISR"]
[BlackTeamCountry "ISR"]

1. d4 d5 2. Nf3 Nf6 3. Bg5 Ne4 4. Bf4 c5 5. e3 Nc6 6. c3 Qb6 7. Qb3 c4 8. Qc2 Bf5 9. Qc1 f6 10. Nbd2 g5 11. Bg3 h5 12. h3 Nxg3 13. fxg3 e6 14. Be2 Bd6 15. Kf2 Qc7 16. Nf1 O-O-O 17. b3 Na5 18. N3d2 Kb8 19. bxc4 dxc4 20. Qb2 e5 21. Rd1 exd4 22. exd4 Rde8 23. Qb5 Bd7 24. Qb1 f5 25. Bf3 g4 26. hxg4 fxg4 27. Be4 Bxg3+ 28. Nxg3 Qf4+ 29. Nf3 h4 30. Ne2 g3+ 31. Ke1 Rxe4 32. Rd2 h3 33. Qb4 Rhe8 34. Kd1 hxg2 35. Nxf4 gxh1=Q+ 36. Kc2 Bf5 37. Kb2 Rxf4 38. Qd6+ Ka8 39. Qxf4 Qb1+ 40. Ka3 Qc1+ 41. Kb4 Nc6+ 42. Kxc4 Na5+ 43. Kb4 Qb1+ 44. Kxa5 Re6 0-1

[Event "Mallorca-chT Preferente"]
[Site "Mallorca"]
[Date "2016.03.01"]
[Round "1.1"]
[White "Tyomkin, Dimitri"]
[Black "Queirolo Perez, Manuel"]
[Result "1-0"]
[WhiteElo "2462"]
[BlackElo "2164"]
[PlyCount "89"]
[GameId "1911549145600000"]
[EventDate "2016.03.01"]
[EventType "team-tourn"]
[EventRounds "9"]
[EventCountry "ESP"]
[SourceTitle "EXT 2024"]
[Source "ChessBase"]
[SourceDate "2023.10.10"]
[SourceVersion "1"]
[SourceVersionDate "2023.10.10"]
[SourceQuality "1"]
[WhiteTeam "Can Tiu Alaro Dragonera"]
[BlackTeam "Blau Escacs Calvia"]
[WhiteTeamCountry "ESP"]
[BlackTeamCountry "ESP"]

1. d4 Nf6 2. Bg5 Ne4 3. Bf4 c5 4. f3 Qa5+ 5. c3 Nf6 6. d5 e6 7. e4 b5 8. a4 b4 9. Bc4 Ba6 10. Qd3 Bxc4 11. Qxc4 exd5 12. exd5 Qa6 13. Qxa6 Nxa6 14. c4 Nh5 15. Be3 Bd6 16. Ne2 O-O 17. g4 Rae8 18. Kf2 Re7 19. Nd2 Nf6 20. Ng3 Bxg3+ 21. hxg3 Rfe8 22. Nf1 d6 23. b3 Nd7 24. Rd1 Nab8 25. g5 Ne5 26. Bc1 f6 27. gxf6 Rf7 28. Nh2 Rxf6 29. Kg2 Nbd7 30. Rhe1 Rff8 31. f4 Nf7 32. Re6 Nd8 33. Rxd6 Re2+ 34. Kf3 Rxh2 35. Rxd7 Nf7 36. Re7 h5 37. d6 Rc2 38. d7 Ng5+ 39. Ke3 Rc3+ 40. Ke2 Rc2+ 41. Rd2 Rxd2+ 42. Bxd2 Nf7 43. Re8 Nd8 44. Be3 Kf7 45. Bxc5 1-0

[Event "Mallorca-chT Preferente"]
[Site "Mallorca"]
[Date "2016.03.09"]
[Round "4.1"]
[White "Crespi Lopez, Joan"]
[Black "Tyomkin, Dimitri"]
[Result "1/2-1/2"]
[WhiteElo "1952"]
[BlackElo "2462"]
[PlyCount "88"]
[GameId "1911549146419200"]
[EventDate "2016.03.01"]
[EventType "team-tourn"]
[EventRounds "9"]
[EventCountry "ESP"]
[SourceTitle "EXT 2024"]
[Source "ChessBase"]
[SourceDate "2023.10.10"]
[SourceVersion "1"]
[SourceVersionDate "2023.10.10"]
[SourceQuality "1"]
[WhiteTeam "Algaida"]
[BlackTeam "Can Tiu Alaro Dragonera"]
[WhiteTeamCountry "ESP"]
[BlackTeamCountry "ESP"]

1. d4 Nf6 2. Bg5 e6 3. e4 c5 4. e5 h6 5. Bc1 Ng8 6. d5 exd5 7. Qxd5 Nc6 8. Be3 Nge7 9. Qe4 d5 10. exd6 Qxd6 11. Nc3 Bf5 12. Nb5 Qd7 13. Qa4 Rd8 14. Nf3 a6 15. Na3 Nd4 16. Qxd7+ Rxd7 17. Ne5 Rd5 18. Nd3 Nec6 19. O-O-O Rd8 20. c3 Ne6 21. Be2 Be7 22. g4 Be4 23. f3 Bh7 24. f4 Be4 25. Rhe1 O-O 26. f5 Bxd3 27. Bxd3 Ng5 28. Bf4 b5 29. Nc2 Bd6 30. Bxd6 Rxd6 31. Re3 Rfd8 32. Be2 Rxd1+ 33. Bxd1 f6 34. Ne1 Ne5 35. Be2 Ngf7 36. Nd3 Nxd3+ 37. Bxd3 Ne5 38. Be2 Kf8 39. Kc2 Re8 40. h3 Nf7 41. Rxe8+ Kxe8 42. a4 bxa4 43. Bxa6 Ng5 44. Bf1 Nf3 1/2-1/2

[Event "Mallorca-chT Preferente"]
[Site "Mallorca"]
[Date "2016.03.12"]
[Round "5.1"]
[White "Ponce Cano, Adrian"]
[Black "Tyomkin, Dimitri"]
[Result "1/2-1/2"]
[WhiteElo "2141"]
[BlackElo "2462"]
[PlyCount "28"]
[GameId "1911549147078656"]
[EventDate "2016.03.01"]
[EventType "team-tourn"]
[EventRounds "9"]
[EventCountry "ESP"]
[SourceTitle "EXT 2024"]
[Source "ChessBase"]
[SourceDate "2023.10.10"]
[SourceVersion "1"]
[SourceVersionDate "2023.10.10"]
[SourceQuality "1"]
[WhiteTeam "La Balanguera"]
[BlackTeam "Can Tiu Alaro Dragonera"]
[WhiteTeamCountry "ESP"]
[BlackTeamCountry "ESP"]

1. e4 c5 2. Nf3 Nc6 3. c3 d5 4. exd5 Qxd5 5. Na3 Nf6 6. Bc4 Qd8 7. O-O e6 8. Nc2 Be7 9. d4 O-O 10. Be3 b6 11. Qe2 Qc7 12. Bd3 Bb7 13. Bg5 Rad8 14. Rad1 cxd4 1/2-1/2

[Event "Mallorca-chT Preferente"]
[Site "Mallorca"]
[Date "2016.03.13"]
[Round "6.1"]
[White "Tyomkin, Dimitri"]
[Black "Brull Mayol, Cosme"]
[Result "1-0"]
[WhiteElo "2462"]
[BlackElo "2243"]
[PlyCount "71"]
[GameId "1911549147242496"]
[EventDate "2016.03.01"]
[EventType "team-tourn"]
[EventRounds "9"]
[EventCountry "ESP"]
[SourceTitle "EXT 2024"]
[Source "ChessBase"]
[SourceDate "2023.10.10"]
[SourceVersion "1"]
[SourceVersionDate "2023.10.10"]
[SourceQuality "1"]
[WhiteTeam "Can Tiu Alaro Dragonera"]
[BlackTeam "Son Dameto"]
[WhiteTeamCountry "ESP"]
[BlackTeamCountry "ESP"]

1. d4 Nf6 2. Bg5 e6 3. e4 h6 4. Bxf6 Qxf6 5. Nc3 Bb4 6. Qd2 d5 7. e5 Qd8 8. a3 Be7 9. Nf3 c5 10. dxc5 Bxc5 11. Bd3 Nc6 12. O-O O-O 13. b4 Bb6 14. Na4 Bc7 15. Qe3 f6 16. exf6 Qxf6 17. c4 Ne5 18. Nxe5 Bxe5 19. Rad1 dxc4 20. Bxc4 Bxh2+ 21. Kxh2 Qh4+ 22. Kg1 Qxc4 23. Rd4 Qc2 24. Nc5 b6 25. Nxe6 Bxe6 26. Qxe6+ Kh7 27. Rd7 Rad8 28. Rxa7 Qg6 29. Qxg6+ Kxg6 30. Rc1 Rf6 31. Rcc7 Rd1+ 32. Kh2 Rxf2 33. Rxg7+ Kh5 34. Rae7 Rd5 35. Kh3 Rd3+ 36. g3 1-0

[Event "Mallorca-chT Preferente"]
[Site "Mallorca"]
[Date "2016.03.19"]
[Round "9.1"]
[White "Minzer, Claudio Javier"]
[Black "Tyomkin, Dimitri"]
[Result "1/2-1/2"]
[WhiteElo "2434"]
[BlackElo "2462"]
[PlyCount "61"]
[GameId "1911549148278784"]
[EventDate "2016.03.01"]
[EventType "team-tourn"]
[EventRounds "9"]
[EventCountry "ESP"]
[SourceTitle "EXT 2024"]
[Source "ChessBase"]
[SourceDate "2023.10.10"]
[SourceVersion "1"]
[SourceVersionDate "2023.10.10"]
[SourceQuality "1"]
[WhiteTeam "Agora Megaescacs"]
[BlackTeam "Can Tiu Alaro Dragonera"]
[WhiteTeamCountry "ESP"]
[BlackTeamCountry "ESP"]

1. d4 d5 2. c4 c6 3. cxd5 cxd5 4. Nc3 Nf6 5. Nf3 Nc6 6. Bf4 Bf5 7. e3 e6 8. Bd3 Bxd3 9. Qxd3 Bd6 10. Bxd6 Qxd6 11. O-O O-O 12. h3 h6 13. Rfc1 Rfc8 14. Qb5 Qb4 15. Qxb4 Nxb4 16. Ne5 Nc6 17. Nd3 Kf8 18. Kf1 Ke7 19. Ke2 Nd7 20. Rc2 a6 21. Rac1 Na7 22. Na4 Rxc2+ 23. Rxc2 Rc8 24. Rxc8 Nxc8 25. Nac5 Nd6 26. Nxd7 Kxd7 27. b3 a5 28. f3 b6 29. Ne5+ Ke7 30. Nc6+ Kd7 31. Ne5+ 1/2-1/2

[Event "Mallorca-chT Preferente"]
[Site "Mallorca"]
[Date "2021.03.06"]
[Round "1"]
[White "Torres Tur, Juan"]
[Black "Tyomkin, Dimitri"]
[Result "0-1"]
[WhiteElo "2019"]
[BlackElo "2431"]
[PlyCount "68"]
[GameId "1655695696396288"]
[EventDate "2021.03.06"]
[EventType "team-swiss"]
[EventRounds "7"]
[EventCountry "ESP"]
[SourceTitle "EXT 2023"]
[Source "ChessBase"]
[SourceDate "2022.10.05"]
[SourceVersion "1"]
[SourceVersionDate "2022.10.05"]
[SourceQuality "1"]
[WhiteTeam "Tropic"]
[BlackTeam "Sa Dragonera"]
[WhiteTeamCountry "ESP"]
[BlackTeamCountry "ESP"]

1. d4 Nf6 2. c4 g6 3. Nc3 d5 4. Bg5 Ne4 5. Nxe4 dxe4 6. e3 Bg7 7. Qd2 c5 8. d5 h6 9. Bh4 Qb6 10. Rb1 Nd7 11. f3 g5 12. Bg3 Nf6 13. Be5 Bf5 14. Rd1 Bg6 15. Ne2 exf3 16. gxf3 Ne4 17. fxe4 Bxe5 18. Nc3 O-O 19. Bd3 Qf6 20. Rf1 Qd6 21. Rf2 a6 22. a4 f6 23. Kf1 Rf7 24. Kg1 Raf8 25. Rdf1 Rg7 26. Ne2 h5 27. Rg2 h4 28. Kh1 Be8 29. b3 Qd7 30. Ng1 Kf7 31. Be2 g4 32. Qd1 Rfg8 33. h3 gxh3 34. Rxg7+ Rxg7 0-1

[Event "Mallorca-chT Preferente"]
[Site "Mallorca"]
[Date "2021.04.17"]
[Round "6"]
[White "Navarrete Terrasa, Sebastian"]
[Black "Tyomkin, Dimitri"]
[Result "1/2-1/2"]
[WhiteElo "2062"]
[BlackElo "2431"]
[PlyCount "48"]
[GameId "1655695696941056"]
[EventDate "2021.03.06"]
[EventType "team-swiss"]
[EventRounds "7"]
[EventCountry "ESP"]
[SourceTitle "EXT 2023"]
[Source "ChessBase"]
[SourceDate "2022.10.05"]
[SourceVersion "1"]
[SourceVersionDate "2022.10.05"]
[SourceQuality "1"]
[WhiteTeam "Mestral Palmanyola"]
[BlackTeam "Sa Dragonera"]
[WhiteTeamCountry "ESP"]
[BlackTeamCountry "ESP"]

1. e4 b6 2. d4 Bb7 3. Nc3 e6 4. Nf3 Bb4 5. Bd3 Nf6 6. Qe2 d5 7. exd5 Qxd5 8. Bd2 Bxc3 9. Bxc3 O-O 10. O-O-O Qxa2 11. b3 Ba6 12. Ng5 Bxd3 13. Qxd3 Qa6 14. Qg3 Nd5 15. Bb2 Qe2 16. c4 Nb4 17. Rd2 Qh5 18. d5 Qg6 19. dxe6 fxe6 20. Nxe6 Na2+ 21. Kd1 Qb1+ 22. Ke2 Qe4+ 23. Kd1 Qb1+ 24. Ke2 Qe4+ 1/2-1/2

[Event "Mallorca-chT Preferente"]
[Site "Mallorca"]
[Date "2021.04.24"]
[Round "7"]
[White "Tyomkin, Dimitri"]
[Black "Tattersall Rodriguez, Lester Antonio"]
[Result "1-0"]
[WhiteElo "2431"]
[BlackElo "2218"]
[PlyCount "59"]
[GameId "1655695697039360"]
[EventDate "2021.03.06"]
[EventType "team-swiss"]
[EventRounds "7"]
[EventCountry "ESP"]
[SourceTitle "EXT 2023"]
[Source "ChessBase"]
[SourceDate "2022.10.05"]
[SourceVersion "1"]
[SourceVersionDate "2022.10.05"]
[SourceQuality "1"]
[WhiteTeam "Sa Dragonera"]
[BlackTeam "Llucmajor"]
[WhiteTeamCountry "ESP"]
[BlackTeamCountry "ESP"]

1. d4 e6 2. Nf3 Nf6 3. Bg5 d5 4. e3 c5 5. c3 Nbd7 6. Nbd2 Be7 7. Bd3 O-O 8. Ne5 Nxe5 9. dxe5 Nd7 10. Bf4 f6 11. Qh5 g6 12. Bxg6 hxg6 13. Qxg6+ Kh8 14. h4 fxe5 15. Qh5+ Kg8 16. Bh6 Bf6 17. Qg6+ Kh8 18. Bxf8 Nxf8 19. Qh5+ Kg8 20. Rh3 Bg7 21. Rg3 Qf6 22. Nf3 e4 23. Ne5 Nh7 24. Qe8+ Qf8 25. Rxg7+ Kxg7 26. Qg6+ Kh8 27. Nf7+ Qxf7 28. Qxf7 b6 29. Qe8+ Kg7 30. Qc6 1-0

[Event "Abe Yanofsky mem"]
[Site "Winnipeg CAN"]
[Date "2003.08.29"]
[Round "1"]
[White "Currie, James"]
[Black "Tyomkin, Dimitri"]
[Result "0-1"]
[WhiteElo "2017"]
[BlackElo "2534"]
[PlyCount "44"]
[GameId "2160767911272315"]
[EventDate "2003.08.29"]
[EventType "swiss"]
[EventRounds "6"]
[EventCountry "CAN"]

1. Nf3 Nf6 2. g3 d5 3. Bg2 c6 4. h3 Bf5 5. b3 Nbd7 6. Ba3 e5 7. Bxf8 Rxf8 8. d4 e4 9. Nh4 Be6 10. Qd2 Nh5 11. Bf1 f5 12. Ng2 g5 13. h4 f4 14. hxg5 Qxg5 15. Nxf4 Nxf4 16. gxf4 Rxf4 17. Rxh7 O-O-O 18. Na3 Rdf8 19. O-O-O Qg8 20. Re7 Rxf2 21. Qh6 R2f6 22. Qh1 Qg5+ 0-1

[Event "Abe Yanofsky mem"]
[Site "Winnipeg CAN"]
[Date "2003.08.29"]
[Round "2"]
[White "Tyomkin, Dimitri"]
[Black "Kaptsan, Aron"]
[Result "1-0"]
[WhiteElo "2471"]
[BlackElo "2167"]
[PlyCount "59"]
[GameId "2160767911272344"]
[EventDate "2003.08.29"]
[EventType "swiss"]
[EventRounds "6"]
[EventCountry "CAN"]
[SourceTitle "EXT 2004"]
[Source "ChessBase"]
[SourceDate "2003.11.25"]
[SourceVersion "1"]
[SourceVersionDate "2003.11.25"]
[SourceQuality "1"]

1. e4 e5 2. Nf3 Nc6 3. Bc4 Bc5 4. O-O Nf6 5. d4 Bxd4 6. Nxd4 Nxd4 7. Bg5 d6 8. f4 Be6 9. Bd3 h6 10. Bxf6 Qxf6 11. f5 Bd7 12. Nc3 c6 13. Qe1 O-O 14. Nd1 a6 15. a4 b5 16. Ne3 Rfb8 17. a5 Qd8 18. b4 c5 19. c3 Nb3 20. Rb1 c4 21. Bc2 Bc6 22. f6 g6 23. Rd1 Qf8 24. Rf3 Rd8 25. Qh4 Bd7 26. Nd5 Be6 27. Nc7 Ra7 28. Nxe6 fxe6 29. f7+ Kh7 30. Qxd8 1-0

[Event "Abe Yanofsky mem"]
[Site "Winnipeg CAN"]
[Date "2003.08.30"]
[Round "3"]
[White "Cleto, Sam"]
[Black "Tyomkin, Dimitri"]
[Result "0-1"]
[WhiteElo "1876"]
[BlackElo "2534"]
[PlyCount "98"]
[GameId "2160767911272347"]
[EventDate "2003.08.29"]
[EventType "swiss"]
[EventRounds "6"]
[EventCountry "CAN"]

1. d4 Nf6 2. c4 g6 3. Nc3 d5 4. cxd5 Nxd5 5. e4 Nxc3 6. bxc3 Bg7 7. Bb5+ c6 8. Bc4 O-O 9. h4 c5 10. Bb2 Nc6 11. Ne2 Na5 12. Bd3 e5 13. d5 h5 14. Rb1 b6 15. Ba3 Bd7 16. Ba6 f5 17. Bd3 Qe7 18. Bc1 f4 19. Ng1 Nb7 20. Nf3 Nd6 21. Qc2 Bg4 22. Ba3 Bf6 23. Be2 Kh8 24. c4 Nxe4 25. Bb2 Bf5 26. Bd3 Nd6 27. Bxf5 Nxf5 28. O-O Qg7 29. Rfe1 Rae8 30. Qa4 Nxh4 31. Nxh4 Bxh4 32. d6 Re6 33. Rbd1 f3 34. gxf3 Rxf3 35. d7 Rf8 36. Rd2 Kg8 37. Qxa7 Qf6 38. Ree2 Qg5+ 39. Kf1 Qf5 40. Kg2 Bg5 41. d8=Q Bxd8 42. Rd7 Bf6 43. Qb7 Qg4+ 44. Kf1 Qxc4 45. Ke1 Bh8 46. f4 Qxf4 47. Qd5 Qf1+ 48. Kd2 Qf5 49. Re7 Qg5+ 0-1